| 000 | 00671nam a22002297a 4500 | ||
|---|---|---|---|
| 005 | 20230211124253.0 | ||
| 008 | 230211b ||||| |||| 00| 0 eng d | ||
| 020 | _a8171943047 | ||
| 040 | _cAL | ||
| 041 | _aeng | ||
| 082 |
_223 _a657.46 _bDATT |
||
| 100 |
_aDatey V S _972034 |
||
| 245 |
_aTaxmanns indirect taxes: _bLaw and practice |
||
| 260 |
_aNew Delhi _bTaxmann Publications Pvt Ltd _c2003 |
||
| 300 |
_a927p. _bPB _c24x16cm. |
||
| 365 |
_2Commerce _b270.00 _c₹ _d270.00 |
||
| 650 |
_aCentral Excise Duty _972035 |
||
| 650 |
_aClassification of Goods _972036 |
||
| 650 |
_aCenvat on Capital Goods _972037 |
||
| 700 |
_aDATEY (V S) _972038 |
||
| 942 |
_2ddc _cDB |
||
| 999 |
_c226677 _d226677 |
||